Statistics for Hornets without HORNETS

Click here to take the quiz!

General Stats

  • This quiz has been taken 4 times
  • The average score is 15 of 18

Answer Stats

Without HORNETSAnswer% Correct
Bad MillBrandon Miller
100%
Cdy MaiCody Martin
100%
Gd aywadGordon Hayward
100%
I miIsh Smith
100%
Kyl LwyKyle Lowry
100%
LaMl BallLaMelo Ball
100%
Mak WilliamMark Williams
100%
Mil BidgMiles Bridges
100%
P.J. WaigP.J. Washington
100%
Amai BailyAmari Bailey
75%
Byc McGwBryce McGowens
75%
Fak ilikiaFrank Ntilikina
75%
Jam BukigJames Bouknight
75%
J.J.T. Thor
75%
Laky BlackLeaky Black
75%
ick icadNick Richards
75%
aa MaNathan Mensah
50%
ick mi J.Nick Smith Jr.
50%

Score Distribution

Percentile by Number Answered

Percent of People with Each Score

Your Score History

You have not taken this quiz